Contraloría gubernamental (Record no. 165765)
[ view plain ]
| 000 -LEADER | |
|---|---|
| fixed length control field | 00790nam a22002057a 4500 |
| 005 - DATE AND TIME OF LATEST TRANSACTION | |
| control field | 20230119134412.0 |
| 008 - FIXED-LENGTH DATA ELEMENTS--GENERAL INFORMATION | |
| fixed length control field | 101122t mx ||||| |||| 00| 0 spa d |
| 020 ## - INTERNATIONAL STANDARD BOOK NUMBER | |
| International Standard Book Number | 9706651586 |
| 050 04 - LIBRARY OF CONGRESS CALL NUMBER | |
| Classification number | HJ9923.M3 |
| Item number | C37 2003 |
| 100 1# - MAIN ENTRY--PERSONAL NAME | |
| Personal name | Castro Vázquez, Raúl |
| Relator term | autor |
| 245 10 - TITLE STATEMENT | |
| Title | Contraloría gubernamental |
| Remainder of title | : federal estatal y municipal para la fiscalización superior en la globalización de la O.C.D.E. : tomo II |
| Statement of responsibility, etc | / Raúl Castro Vázquez ; revisión Hugo Cruz Zamora. |
| 250 ## - EDITION STATEMENT | |
| Edition statement | 1a ed. |
| 260 ## - PUBLICATION, DISTRIBUTION, ETC. (IMPRINT) | |
| Place of publication, distribution, etc | México : |
| Name of publisher, distributor, etc | Instituto Mexicano de Contadores Públicos, |
| Date of publication, distribution, etc | 2003 |
| 300 ## - PHYSICAL DESCRIPTION | |
| Extent | 212 p. ; |
| Dimensions | 23 cm. |
| 490 #0 - SERIES STATEMENT | |
| Series statement | Finanzas |
| 650 #7 - SUBJECT ADDED ENTRY--TOPICAL TERM | |
| Source of heading or term | lemb |
| Topical term or geographic name as entry element | Finanzas pública |
| General subdivision | Contabilidad |
| 650 #7 - SUBJECT ADDED ENTRY--TOPICAL TERM | |
| Source of heading or term | lemb |
| Topical term or geographic name as entry element | Contabilidad |
| General subdivision | Metodología |
| 700 1# - ADDED ENTRY--PERSONAL NAME | |
| Personal name | Cruz Zamora, Hugo |
| Relator term | revisor |
| 942 ## - ADDED ENTRY ELEMENTS (KOHA) | |
| Source of classification or shelving scheme | Biblioteca del Cogreso de los Estados Unidos |
| Koha item type | Libro |
| Estado de pérdida | Fuente de clasificación | Estado del daño | No para préstamo | Ubicación permanente | Ubicación actual | Apartado o colección | Fecha de adquisición | Fuente de adquisición | Edición | Enumeración de Serie / Cronológica | Dependencia de educación superior (DES) | Área del conocimiento | Clasificación | Código de Barras | Date last seen | Número de copia | Costo por reposición | Tipo de recurso | Total Checkouts | Total Renewals | Date checked out |
|---|---|---|---|---|---|---|---|---|---|---|---|---|---|---|---|---|---|---|---|---|---|
| Biblioteca del Cogreso de los Estados Unidos | Consulta | Biblioteca de la Facultad de Contaduría y Ciencias Administrativas | Biblioteca de la Facultad de Contaduría y Ciencias Administrativas | General | 09/08/2016 | Unidad Académica | 1a ed. | T.2 | Ciencias Económico Administrativas | Ciencias Sociales y Administrativas | HJ9923.M3 C37 2003 | BCCA000004681 | 19/01/2023 | C:1 | 250.00 | Libro | |||||
| Biblioteca del Cogreso de los Estados Unidos | Biblioteca de la Facultad de Contaduría y Ciencias Administrativas | Biblioteca de la Facultad de Contaduría y Ciencias Administrativas | General | 09/08/2016 | Unidad Académica | 1a ed. | T.2 | Ciencias Económico Administrativas | Ciencias Sociales y Administrativas | HJ9923.M3 C37 2003 | BCCA000004682 | 19/01/2023 | C:2 | 250.00 | Libro | ||||||
| Biblioteca del Cogreso de los Estados Unidos | Biblioteca de la Facultad de Contaduría y Ciencias Administrativas | Biblioteca de la Facultad de Contaduría y Ciencias Administrativas | General | 09/08/2016 | Unidad Académica | 1a ed. | T.2 | Ciencias Económico Administrativas | Ciencias Sociales y Administrativas | HJ9923.M3 C37 2003 | BCCA000004683 | 13/06/2025 | C:3 | 250.00 | Libro | 1 | 1 | 09/06/2025 |